[Event "European Youth Chess Championship B14"]
[Site "Prague, Top Hotel Prague"]
[Date "2012.08.23"]
[Round "7.45"]
[White "Kravec, Patrik"]
[Black "Murphy, Conor E"]
[Result "0-1"]
[WhiteElo "1910"]
[BlackElo "1976"]
[PlyCount "112"]
[EventDate "2012.08.17"]

1. e4 c5 2. c4 Nc6 3. Nc3 g6 4. Nge2 Bg7 5. d3 d6 6. g3 Nf6 7. Bg2 O-O 8. O-O
a6 9. Bg5 Rb8 10. a4 Ne8 11. Qd2 Nc7 12. Bh6 Ne6 13. Bxg7 Kxg7 14. b3 Qa5 15.
Qb2 Ned4 16. Nd5 e6 17. b4 Qd8 18. b5 Bd7 19. bxc6 bxc6 20. Qc3 Rb3 21. Qd2
cxd5 22. Nxd4 cxd4 23. exd5 e5 24. f4 Bf5 25. Be4 Bxe4 26. dxe4 Re3 27. Rae1
Qb6 28. fxe5 dxe5 29. Rxe3 dxe3 30. Qe2 Rc8 31. Rf3 Qb1+ 32. Kg2 Qxe4 33. Qxe3
Rxc4 34. d6 Qxe3 35. Rxe3 Kf6 36. d7 Rd4 37. Rb3 Ke7 38. Rb6 Rxa4 39. Rd6 Kd8
40. Rf6 Kxd7 41. Rxf7+ Ke6 42. Rxh7 Kf5 43. Rf7+ Kg4 44. h3+ Kg5 45. Kf3 Ra3+
46. Kf2 a5 47. Kg2 a4 48. Kf2 Ra1 49. Ra7 a3 50. Kg2 a2 51. Ra5 Kh6 52. h4 e4
53. g4 e3 54. g5+ Kh5 55. Ra8 e2 56. Kh3 Rh1+ 0-1

[Event "European Youth Chess Championship B14"]
[Site "Prague, Top Hotel Prague"]
[Date "2012.08.23"]
[Round "7.47"]
[White "Kula, Dominik"]
[Black "O`Donnell, Conor"]
[Result "1-0"]
[WhiteElo "1794"]
[BlackElo "1955"]
[PlyCount "69"]
[EventDate "2012.08.17"]

1. e4 c6 2. Nc3 d5 3. Nf3 Bg4 4. h3 Bxf3 5. Qxf3 e6 6. d4 dxe4 7. Qxe4 Nf6 8.
Qh4 Be7 9. Bd2 Nbd7 10. Bc4 Qc7 11. O-O Nb6 12. Bd3 Nbd5 13. Nxd5 cxd5 14. Bb5+
Nd7 15. Qg4 Bf6 16. Bf4 Qd8 17. c4 a6 18. Ba4 b5 19. cxb5 Qa5 20. Bb3 axb5 21.
Bd6 Qb6 22. Qg3 Bxd4 23. Rac1 Nc5 24. Bxc5 Bxc5 25. Qxg7 Bd4 26. Qh6 Kd7 27.
Qf4 f5 28. Rfd1 Bxb2 29. Bxd5 Bxc1 30. Bxa8+ Ke7 31. Qxc1 Rxa8 32. Qg5+ Kf8 33.
Qf6+ Kg8 34. Rd7 Ra7 35. Qg7# 1-0

[Event "European Youth Chess Championship B14"]
[Site "Prague, Top Hotel Prague"]
[Date "2012.08.23"]
[Round "7.48"]
[White "Inan, Canberk"]
[Black "Gerlagh, Joris"]
[Result "0-1"]
[WhiteElo "1673"]
[BlackElo "1930"]
[PlyCount "70"]
[EventDate "2012.08.17"]

1. e4 c5 2. Nf3 Nc6 3. d4 cxd4 4. Nxd4 Qc7 5. Nc3 e6 6. Ndb5 Qb8 7. g3 a6 8.
Na3 b5 9. Ne2 Bc5 10. Bg2 Nf6 11. O-O Bb7 12. Nb1 O-O 13. Bg5 Ng4 14. Nf4 Nxf2
15. Rxf2 Bxf2+ 16. Kxf2 f6 17. Bh4 Qa7+ 18. Kf1 Qd4 19. Nd2 g5 20. c3 Qc5 21.
Qg4 Ne5 22. Qh5 gxh4 23. Qxh4 Ng6 24. Qh6 Qg5 25. Qh3 Nxf4 26. gxf4 Qxf4+ 27.
Ke2 Kh8 28. Rf1 Qe5 29. Kd1 Rac8 30. Nf3 Qxe4 31. Kc1 Qe3+ 32. Kb1 b4 33. Nd4
Qxh3 34. Bxh3 bxc3 35. bxc3 Rxc3 0-1

[Event "European Youth Chess Championship B14"]
[Site "Prague, Top Hotel Prague"]
[Date "2012.08.23"]
[Round "7.49"]
[White "Simo, Marian"]
[Black "Rajkovic, Mladen"]
[Result "0-1"]
[WhiteElo "1760"]
[BlackElo "1926"]
[PlyCount "76"]
[EventDate "2012.08.17"]

1. e4 c5 2. Nc3 Nc6 3. g3 g6 4. Bg2 Bg7 5. Nge2 d6 6. d3 e6 7. Be3 Nd4 8. Qd2
Ne7 9. Bxd4 cxd4 10. Nd1 Nc6 11. O-O O-O 12. f4 Rb8 13. Nf2 Bd7 14. c4 e5 15.
Nd1 f5 16. b4 fxe4 17. Bxe4 Ne7 18. Qb2 Bh3 19. Re1 b5 20. Nf2 Be6 21. cxb5
Rxb5 22. Bg2 Nf5 23. fxe5 dxe5 24. a4 Rb8 25. Ne4 Ne3 26. Kh1 Qe7 27. b5 Rbc8
28. Rac1 Bd5 29. Ng1 Rxc1 30. Rxc1 Qb7 31. Re1 Rc8 32. Re2 Qc7 33. Bh3 Rf8 34.
Bg2 Qf7 35. a5 Qb7 36. Re1 Nxg2 37. Kxg2 Rb8 38. Rc1 Bf8 0-1

[Event "European Youth Chess Championship B14"]
[Site "Prague, Top Hotel Prague"]
[Date "2012.08.23"]
[Round "7.50"]
[White "Voloshin, Pavel"]
[Black "Tsoi, Leo Z"]
[Result "1-0"]
[WhiteElo "1922"]
[BlackElo "1849"]
[PlyCount "115"]
[EventDate "2012.08.17"]

1. e4 c5 2. c3 d5 3. exd5 Qxd5 4. d4 Nf6 5. Nf3 Bg4 6. Be2 e6 7. O-O Nc6 8. Be3
cxd4 9. Nxd4 Bxe2 10. Qxe2 Be7 11. Nb5 Qd7 12. Rd1 Qc8 13. c4 O-O 14. N1c3 Qb8
15. a3 Qe5 16. f4 Qf5 17. Nd6 Bxd6 18. Rxd6 e5 19. Nd5 Nxd5 20. Rxd5 Qe4 21.
Qd3 Qxd3 22. Rxd3 Rad8 23. Rad1 Rxd3 24. Rxd3 exf4 25. Bxf4 Rd8 26. Rxd8+ Nxd8
27. Be3 Nc6 28. b4 Ne5 29. Bxa7 Nxc4 30. a4 Kf8 31. Kf2 Ke7 32. Kf3 Kd6 33. Ke4
Kc6 34. b5+ Kd6 35. Kd4 Nd2 36. Bb8+ Kd7 37. Kc5 Ne4+ 38. Kb6 Kc8 39. Be5 f6
40. Bd4 Nd6 41. Bc3 h5 42. Ka7 Kc7 43. Ba5+ Kc8 44. Bb4 Nc4 45. b6 Ne5 46. Bc3
Nc6+ 47. Ka8 Nb8 48. Bb4 Nc6 49. Bc3 Nb8 50. a5 Na6 51. Bd4 Nb8 52. h4 Na6 53.
Bb2 Nb8 54. Ba3 Nc6 55. a6 bxa6 56. b7+ Kc7 57. Bb4 g5 58. Bc3 1-0

[Event "European Youth Chess Championship B14"]
[Site "Prague, Top Hotel Prague"]
[Date "2012.08.23"]
[Round "7.51"]
[White "Chistiakov, Mihail"]
[Black "Abbasov, Zaur"]
[Result "1-0"]
[WhiteElo "1879"]
[BlackElo "1839"]
[PlyCount "143"]
[EventDate "2012.08.17"]

1. e4 e6 2. d3 d5 3. Nd2 c5 4. g3 Nc6 5. Bg2 g6 6. f4 Bg7 7. Ngf3 Nge7 8. O-O
Qc7 9. c4 O-O 10. e5 f6 11. exf6 Bxf6 12. Re1 Rd8 13. Qe2 Nf5 14. Nb3 a5 15.
Kh1 a4 16. Nbd2 Nb4 17. g4 Ne7 18. cxd5 Nexd5 19. Ne4 Bd4 20. a3 Nc6 21. Neg5
Nxf4 22. Bxf4 Qxf4 23. Nxe6 Bxe6 24. Qxe6+ Qf7 25. Nxd4 Nxd4 26. Qxf7+ Kxf7 27.
Re5 Rd7 28. Rf1+ Kg7 29. Rxc5 Rad8 30. Be4 b6 31. Rc4 b5 32. Rc5 Rb8 33. Rfc1
Nb3 34. Rc7 Rbd8 35. R1c3 Nd4 36. Kg2 Kf6 37. R3c5 Ke7 38. Kf2 Kd6 39. Rxd7+
Kxd7 40. Rd5+ Kc7 41. Ke3 Nc2+ 42. Kd2 Rxd5 43. Bxd5 Nd4 44. Ke3 Nc2+ 45. Ke4
b4 46. axb4 Nxb4 47. g5 Kd6 48. Bg8 Ke7 49. Kd4 a3 50. bxa3 Nc2+ 51. Ke5 Nxa3
52. d4 Kf8 53. Bb3 Nb1 54. d5 Nd2 55. Bd1 Ke7 56. d6+ Kd8 57. Bg4 Nf1 58. h3
Ne3 59. Kf6 Nc4 60. d7 Nd2 61. Kg7 Ne4 62. h4 Nf2 63. Be6 Nd3 64. Kxh7 Nf4 65.
Bg4 Ke7 66. Kg7 Kd8 67. Kf7 Ng2 68. Kxg6 Nxh4+ 69. Kh6 Ke7 70. g6 Nxg6 71. Kxg6
Kd8 72. Kf7 1-0

[Event "European Youth Chess Championship B14"]
[Site "Prague, Top Hotel Prague"]
[Date "2012.08.23"]
[Round "7.52"]
[White "Khanin, Semen"]
[Black "Manfroi, Andrea"]
[Result "1-0"]
[WhiteElo "2220"]
[BlackElo "1786"]
[PlyCount "49"]
[EventDate "2012.08.17"]

1. Nf3 Nf6 2. g3 g6 3. Bg2 Bg7 4. O-O d6 5. d3 O-O 6. e4 Nbd7 7. Nc3 Rb8 8. a4
c5 9. Bf4 Nh5 10. Bg5 h6 11. Be3 b6 12. Nh4 Bb7 13. Nf5 Kh7 14. f4 Nhf6 15.
Nxg7 Kxg7 16. d4 cxd4 17. Qxd4 Kh7 18. Rad1 Nc5 19. h3 Qc8 20. f5 Bc6 21. Nd5
Nxd5 22. exd5 Bd7 23. fxg6+ fxg6 24. Qh4 Bf5 25. Qxh6+ 1-0

[Event "European Youth Chess Championship B14"]
[Site "Prague, Top Hotel Prague"]
[Date "2012.08.23"]
[Round "7.53"]
[White "Thorgeirsson, Jon Kristinn"]
[Black "Rydl, Jiri"]
[Result "1-0"]
[WhiteElo "1747"]
[BlackElo "2021"]
[PlyCount "101"]
[EventDate "2012.08.17"]

1. c4 e6 2. g3 Nf6 3. Bg2 d5 4. Nf3 Be7 5. O-O O-O 6. cxd5 exd5 7. d4 b6 8. Bg5
Nbd7 9. Ne5 Bb7 10. Nc3 c6 11. Nd3 Re8 12. Rc1 Nf8 13. e3 Ne6 14. Bxf6 Bxf6 15.
Ne2 Qd6 16. Nef4 g6 17. h4 Rac8 18. Qg4 Bg7 19. Nxe6 Rxe6 20. Nf4 Ree8 21. a3
a5 22. Rfd1 Rcd8 23. Rc2 Re7 24. Rdc1 Rde8 25. Qf3 Bh6 26. Nd3 Bg7 27. Qf4 Qd7
28. b4 axb4 29. Nxb4 Rc8 30. Kh2 Ree8 31. Bh3 f5 32. Bg2 Qe6 33. Rxc6 Bxc6 34.
Rxc6 Qd7 35. Bxd5+ Kh8 36. Rxb6 Qc7 37. Qxc7 Rxc7 38. a4 Ra7 39. Bc6 Rc8 40.
Bb5 Raa8 41. Nc6 Bf6 42. Rb7 Bd8 43. d5 Kg8 44. d6 h6 45. Ne7+ Bxe7 46. dxe7
Re8 47. Bxe8 Rxe8 48. a5 Kf7 49. a6 Ra8 50. a7 h5 51. e8=Q+ 1-0

[Event "European Youth Chess Championship B14"]
[Site "Prague, Top Hotel Prague"]
[Date "2012.08.23"]
[Round "7.54"]
[White "Schweighoffer, Martin"]
[Black "Kratochvil, Vit 98"]
[Result "1/2-1/2"]
[WhiteElo "1756"]
[BlackElo "1962"]
[Annotator ",Microsoft"]
[PlyCount "145"]
[EventDate "2012.08.17"]

1. e4 c5 2. Nf3 d6 3. d4 cxd4 4. Qxd4 Bd7 5. c4 Nc6 6. Qd1 Nf6 7. Nc3 g6 8. Bg5
Bg7 9. Be2 Rc8 10. Rc1 a6 11. O-O O-O 12. Qd2 Qe8 13. h3 Nd8 14. e5 dxe5 15.
Nxe5 Be6 16. b3 Ne4 17. Nxe4 Bxe5 18. Bh6 Bg7 19. Bxg7 Kxg7 20. f4 f6 21. Bf3
Bf7 22. Rce1 Rc7 23. Qa5 Qd7 24. Rd1 Qc8 25. Ng3 Nc6 26. Qc3 Rd8 27. Bg4 Qb8
28. Rxd8 Qxd8 29. Rd1 Qb8 30. Ne4 Qa7+ 31. Kh2 Qb6 32. Qg3 Qa5 33. f5 Ne5 34.
fxg6 hxg6 35. a4 Rc6 36. Bd7 Rc7 37. Bg4 Qb6 38. Be2 Qc6 39. Nc3 Rd7 40. Rxd7
Qxd7 41. Qe3 Qd6 42. g3 Qb4 43. Nd1 Nc6 44. Qc3 $11 Qd6 45. Nf2 Nd4 46. Bf1 e5
47. b4 Qc6 48. b5 axb5 49. axb5 Nxb5 50. Qb4 Nd4 51. Bg2 Qxc4 52. Qxc4 Bxc4 53.
Bxb7 f5 54. h4 Be2 55. Bd5 Kh6 56. Bg2 Kh5 57. Nh3 Nc2 58. Ng1 Bg4 59. Bf3 e4
60. Bxg4+ Kxg4 61. Kg2 Nd4 62. Nh3 Ne2 63. Nf2+ Kh5 64. Nh3 Nd4 65. Nf4+ Kh6
66. Kf2 Nc6 67. g4 Ne5 68. g5+ Kg7 69. Ng2 Ng4+ 70. Kg3 Kf7 71. Kf4 Ke6 72. Kg3
Kf7 73. Nf4 $11 1/2-1/2

[Event "European Youth Chess Championship B14"]
[Site "Prague, Top Hotel Prague"]
[Date "2012.08.23"]
[Round "7.57"]
[White "Lukic, Lazar"]
[Black "Molnar, Erno"]
[Result "1/2-1/2"]
[WhiteElo "1692"]
[BlackElo "1919"]
[PlyCount "85"]
[EventDate "2012.08.17"]

1. e4 c5 2. Nf3 Nc6 3. d4 cxd4 4. Nxd4 Nf6 5. Nc3 e5 6. Ndb5 d6 7. Bg5 a6 8.
Na3 b5 9. Nd5 Be7 10. Bxf6 Bxf6 11. c3 Rb8 12. Nc2 Bg5 13. a4 bxa4 14. Ncb4
Nxb4 15. Nxb4 Bd7 16. Bxa6 Qa5 17. Qd3 O-O 18. O-O Rb6 19. Bc4 Qc5 20. Qe2 Rc8
21. Bxf7+ Kh8 22. Qd1 Rf8 23. Bh5 Rb7 24. Qd5 Qb6 25. Qd1 g6 26. Bg4 Bb5 27.
Be2 Bxe2 28. Qxe2 Rbf7 29. Qa6 Bd8 30. Qxb6 Bxb6 31. Nd3 Ra8 32. Ra3 Kg7 33. b3
Rfa7 34. g3 axb3 35. Rxb3 Bd8 36. Kg2 Rc8 37. Rc1 Kf7 38. f4 Ra2+ 39. Rb2 Rxb2+
40. Nxb2 exf4 41. gxf4 Bf6 42. Nd1 Rc4 43. Kf3 1/2-1/2

[Event "European Youth Chess Championship B14"]
[Site "Prague, Top Hotel Prague"]
[Date "2012.08.23"]
[Round "7.58"]
[White "Lopez Popov, Ivan"]
[Black "Guerra Arrocha, Daniel"]
[Result "0-1"]
[WhiteElo "1719"]
[BlackElo "1872"]
[PlyCount "66"]
[EventDate "2012.08.17"]

1. e4 e6 2. Nf3 d5 3. Nc3 Nf6 4. e5 Nfd7 5. d4 a6 6. Bd3 c5 7. dxc5 Nxc5 8. Be2
Nc6 9. O-O Be7 10. Bf4 f6 11. Bd3 Nxd3 12. Qxd3 O-O 13. Bg3 f5 14. h3 f4 15.
Bh2 Bd7 16. Ne2 g5 17. Ned4 Qc7 18. Rfe1 Rf7 19. c3 Rg7 20. Nxc6 bxc6 21. c4
Qb6 22. cxd5 cxd5 23. b3 Bc5 24. Qc2 Rc8 25. Qb2 d4 26. Red1 Bc6 27. Nxd4 Ba8
28. a3 Bxd4 29. Rxd4 Rgc7 30. Rd2 Be4 31. b4 Rc2 32. Qd4 Rc1+ 33. Rd1 Qxd4 0-1

[Event "European Youth Chess Championship B14"]
[Site "Prague, Top Hotel Prague"]
[Date "2012.08.23"]
[Round "7.59"]
[White "Jablonicky, Martin"]
[Black "Skorepa, Jakub"]
[Result "0-1"]
[WhiteElo "1858"]
[BlackElo "1680"]
[PlyCount "36"]
[EventDate "2012.08.17"]

1. e4 e5 2. Nf3 Nf6 3. Nc3 Nc6 4. Bb5 Nd4 5. Bc4 Nxf3+ 6. Qxf3 Bc5 7. d3 h6 8.
Qg3 Qe7 9. Qxg7 Rg8 10. Qxh6 Bxf2+ 11. Kf1 Rg6 12. Qd2 Bb6 13. Qe2 d5 14. Bxd5
Bg4 15. Qd2 Nh5 16. Ke1 Qh4+ 17. g3 Nxg3 18. Qg2 Nxe4+ 0-1

[Event "European Youth Chess Championship B14"]
[Site "Prague, Top Hotel Prague"]
[Date "2012.08.23"]
[Round "7.61"]
[White "Sorin, Ilya"]
[Black "Kiss, Balint"]
[Result "0-1"]
[WhiteElo "1575"]
[BlackElo "1840"]
[PlyCount "66"]
[EventDate "2012.08.17"]

1. e4 e5 2. d4 exd4 3. Nf3 Nc6 4. Bc4 Nf6 5. e5 d5 6. Bb5 Ne4 7. Nxd4 Bd7 8.
Bxc6 bxc6 9. O-O Bc5 10. Be3 Bb6 11. f3 Ng5 12. f4 Ne4 13. Nd2 Nxd2 14. Qxd2 c5
15. Ne2 d4 16. Bf2 O-O 17. Qe1 Bc6 18. Bh4 Qd5 19. Qg3 Rfe8 20. Bf6 Qxg2+ 21.
Qxg2 Bxg2 22. Rf2 Bh3 23. Bh4 c4 24. c3 dxc3 25. Nxc3 Bxf2+ 26. Kxf2 Rab8 27.
Rb1 Bf5 28. Rd1 Rxb2+ 29. Kg1 h6 30. Nd5 Bd3 31. Nxc7 Reb8 32. Na6 Rb1 33. Rxb1
Rxb1+ 0-1

[Event "European Youth Chess Championship B14"]
[Site "Prague, Top Hotel Prague"]
[Date "2012.08.23"]
[Round "7.62"]
[White "Cavadas, Francisco"]
[Black "Valkama, Eero"]
[Result "1/2-1/2"]
[WhiteElo "1649"]
[BlackElo "1827"]
[PlyCount "96"]
[EventDate "2012.08.17"]

1. e4 e5 2. Nf3 Nc6 3. Bb5 a6 4. Bxc6 dxc6 5. O-O Bd6 6. h3 c5 7. d3 Ne7 8.
Nbd2 Nc6 9. Nc4 O-O 10. Ne3 Be6 11. Re1 Kh8 12. Nd5 f5 13. Ng5 Bg8 14. Nf3 Qd7
15. Ne3 f4 16. Nf5 Be6 17. b3 Bxf5 18. exf5 Qxf5 19. Bb2 Rae8 20. Re4 Re6 21.
Qe2 Nd4 22. Bxd4 cxd4 23. Nh4 Qf6 24. Nf3 c5 25. Re1 Rfe8 26. Nd2 Bc7 27. Nf3
g6 28. Nh2 Ba5 29. Ng4 Qe7 30. Rd1 b5 31. Nh2 Kg7 32. Ng4 Qc7 33. a3 Bc3 34.
Rb1 R8e7 35. Nh2 Qa5 36. Ng4 Qc7 37. Qf1 h5 38. Nh2 Qa5 39. Qc1 Bd2 40. Qd1 Bc3
41. Qc1 $11 Qc7 42. Qf1 a5 43. Nf3 Qa7 44. Qe2 Qc7 45. Ng5 Rf6 46. Nf3 Rf5 47.
Nh4 Rf8 48. Nf3 Rf5 1/2-1/2

[Event "European Youth Chess Championship B14"]
[Site "Prague, Top Hotel Prague"]
[Date "2012.08.23"]
[Round "7.65"]
[White "Vangsgaard, Bjarke"]
[Black "Suleymanli, Ramazan"]
[Result "0-1"]
[WhiteElo "1780"]
[BlackElo "1750"]
[PlyCount "142"]
[EventDate "2012.08.17"]

1. d4 d5 2. Bf4 Nf6 3. Nf3 e6 4. e3 Be7 5. h3 b6 6. Bd3 Bb7 7. O-O O-O 8. Nbd2
c5 9. c3 Nbd7 10. Qe2 Ne4 11. Ne5 Nxe5 12. Bxe5 Bd6 13. Nf3 f6 14. Bxd6 Qxd6
15. Nd2 Nxd2 16. Qxd2 e5 17. dxc5 bxc5 18. Rfd1 Rfd8 19. Bc4 Qc6 20. Bf1 e4 21.
c4 d4 22. exd4 cxd4 23. b4 d3 24. c5 a5 25. a3 a4 26. Qe3 Rac8 27. g4 Qd5 28.
Bg2 Qd4 29. Rac1 Bc6 30. Rd2 Qxe3 31. fxe3 Re8 32. Rc4 Rcd8 33. Kf2 Kf7 34. Kg3
Re5 35. h4 g5 36. h5 h6 37. Bh3 Ke6 38. Kf2 Bb5 39. Rc1 Kd5 40. Ke1 Re6 41. Rf2
Rf8 42. Kd2 Be8 43. Bg2 f5 44. Rc3 Ke5 45. Rc4 Bc6 46. gxf5 Rxf5 47. Rxf5+ Kxf5
48. Rd4 g4 49. Rd8 Kg5 50. Rb8 Rf6 51. b5 Rf2+ 52. Kd1 Bd5 53. Re8 Bb3+ 54. Ke1
Rxg2 55. Rd8 d2+ 56. Rxd2 Rxd2 57. Kxd2 Kf6 58. c6 Ke7 59. b6 Kd8 60. Ke2 Bd5
61. c7+ Kc8 62. Kf2 Kb7 63. Kg3 Be6 64. Kf4 Kxb6 65. Kxe4 Kxc7 66. Kf4 Kd6 67.
e4 Bd7 68. Kg3 Ke5 69. Kh4 Kxe4 70. Kg3 Kf5 71. Kh4 Be8 0-1